| 000 | 02455nam a22003137a 4500 | ||
|---|---|---|---|
| 001 | 4456 | ||
| 003 | FISKH | ||
| 005 | 20250822081039.0 | ||
| 008 | 240910b cb ||||| |||| 00| 0 eng d | ||
| 020 | _a9789996357817 | ||
| 040 |
_aFISKH _bKhmer _cFISKH _dFISKH |
||
| 050 | _aPZ7 | ||
| 082 | _a200 | ||
| 100 |
_aKryle, Marilyn _eauthor |
||
| 245 |
_aក្រពើសច្ចធម៏ និងព្រះមហាពោធិសត្វ / _cចងក្រងដោយ ម៉ារីលឺន គ្រីឡេ : រចនារូបភាពដោយ : ប្រេនឌិន វិនសាល |
||
| 250 | _aបោះពុម្ពលើកទី១ : ឆ្នាំ ២០១០ | ||
| 260 |
_aភ្នំពេញ : _bអង្គការសត្វព្រៃនិងរុក្ខជាតិអន្តរជាតិ កម្មវិធីប្រចាំប្រទេសកម្ពុជា ; _c2010 . |
||
| 300 |
_a31 unnumbered pages : _bcolor illustrations ; _c30 cm . |
||
| 505 | _aQ | ||
| 520 | _aមានក្សត្រាមួយអង្គព្រះនាម សិទ្ធត្ថគោត្តម ទ្រង់ជាក្សត្រដែលមានព្រះទ័យទូលាយ តែទ្រង់មិនសប្បាយព្រះហប្ញទ័យឡើយ ដោយសារតែទ្រងើបានទតឃើញមានទុក្ខសោកវេទនាជាច្រើននោក្នុងចក្រវាឡ៏នេះ ។ ព្រះអង្គបានសិក្សាអស់រយះពេលជាច្រើនឆ្នាំជាមួយនឺងគ្រូធំៗ ដើម្បីស្វែងរកផ្លូវអោយមនុស្សលោកចៀសផុតពីសេចក្តីទុក្ខ និងការឈីចាប់ ។ | ||
| 520 | _aThere was a king named Sith Kottam, he was a generous king, but he was not happy because he saw so much misery in this universe. He studied for a long time. Many years with great teachers to find a way for people to avoid suffering and persecution. | ||
| 521 | 8 |
_a660
_bLexile estimate |
|
| 521 | 8 |
_aQ
_bRaz-Plus |
|
| 650 | _aក្រពើសច្ចធម៏ | ||
| 650 | _aCrocodile Truth | ||
| 700 |
_aVinsal , Brandin _eអ្នករចនារូបភាព |
||
| 942 |
_2ddc _cKHB _n0 |
||
| 999 |
_c4456 _d4456 |
||